| LEADER |
00803nam0a2200217 450 |
| 001 |
16816682 |
| 010 |
|
|
|a 2-914203-55-1
|b rel.
|d 12,5
|
| 100 |
|
|
|a 20041022d2004 u u0frey01 ba
|
| 101 |
0 |
|
|a fre
|
| 102 |
|
|
|a FR
|
| 200 |
0 |
|
|a expérience du professeur Mesmer (L')
|f dessin, Marie Jaffredo
|g scénario, Michaël Le Galli
|
| 207 |
|
1 |
|a
|
| 210 |
|
|
|a [Paris]
|c Ed. Carabas-Ed. de Tournon
|d 2004
|
| 215 |
|
|
|a 48-[8] p.
|c ill. en noir et en coul., couv. ill. en coul.
|d 32 cm
|
| 225 |
1 |
|
|a (Les )démons de Marie
|v 1
|
| 461 |
|
0 |
|t (Les )démons de Marie
|v 1
|
| 700 |
|
0 |
|a Jaffredo
|b Marie
|f 1966-....
|4 70
|
| 701 |
|
0 |
|a Le Galli
|b Michaël
|4 70
|
| 900 |
|
|
|a Bandes déssinées ADULTE
|
| 901 |
|
|
|a Accessible au prêt
|
| 995 |
|
|
|a Bibliothèque
|c Bibliothèque
|f 024014213
|h 024014213
|k BDA JAF 1
|o p
|q a
|r az
|e Bibliothèque
|